00371pab a2200133 454500008004000000100002400040245009200064260000900156300001200165362001200177650001800189650001700207773001300224180718b1978 xxu||||| |||| 00| 0 eng d aHubbell, L. Kenneth aPublic policy issues in the pricing of water in urban areas of less developed countries c1978 ap.1-14. aApr-Jun aPublic policy aWater supply aNagarlok